|
|
|
|
| LEADER |
00000nam a2200000 a 4500 |
| 001 |
vtls008736545 |
| 003 |
SK-MaSNL |
| 005 |
20260301205547.0 |
| 008 |
240318s1996 xo slo |
| 020 |
|
|
|a 8022404713
|q (viaz.)
|c 170.00
|
| 035 |
|
|
|a POKPOH31701
|
| 035 |
|
|
|a urn:nbn:sk:snk-amkdka
|
| 035 |
|
|
|a urn:nbn:sk:snk-am003un3
|
| 035 |
|
|
|a DCC4359E-656B-47EF-93E5-7BAD57998937
|
| 040 |
|
|
|a SNK
|b slo
|c SNK
|e AACR2
|
| 041 |
0 |
|
|a slo
|
| 044 |
|
|
|a xo
|
| 080 |
|
|
|a 330
|2 1981
|
| 080 |
|
|
|a 165.745
|2 1981
|
| 100 |
1 |
|
|a Zapletal, Jaroslav,
|d 1925-
|4 aut
|9 38990
|
| 245 |
1 |
0 |
|a Autoorganika a ekonómia
|b všeobecná teória autoorganizácie v ekonomických systémoch
|c Jaroslav Zapletal
|
| 250 |
|
|
|a 1. vyd.
|
| 260 |
|
|
|a Bratislava
|b Veda
|c 1996
|
| 300 |
|
|
|a 98 s.
|b Ilustr., sch., tab.
|c 24 cm
|
| 650 |
0 |
7 |
|a ekonómia
|2 POKPOH
|9 788
|
| 650 |
0 |
7 |
|a autoorganika
|2 POKPOH
|9 591850
|
| 655 |
|
7 |
|a štúdie
|2 POKPOH
|9 57033
|
| 919 |
|
|
|a 80-224-0471-3
|
| 999 |
|
|
|c 910581
|d 912511
|
| 952 |
|
|
|t P60, <09>, [BOOK], {629}
|a SNK
|b SNK
|y NEVYP
|7 0
|o snkC 2052
|i snk3869/961030
|0 0
|1 0
|4 0
|d 1996-10-11
|l 0
|r 2005-01-01 00:00:00
|w 2026-02-24
|
| 952 |
|
|
|t P60, <03>, [BOOK], {603}
|a SNK
|b SNK
|y PREZ
|7 0
|p 17A0013893
|o snkSC 91467
|i snkKSP 8568/96
|0 0
|1 0
|4 0
|d 1996-10-11
|f 1
|l 0
|r 2025-09-10 00:00:00
|w 2026-02-24
|
| 952 |
|
|
|a SNK
|b SNK
|y VYP
|7 0
|p 17A0013892
|o snkSC 91467 D1
|i snkKSP 8569/96
|0 0
|1 0
|4 0
|d 1996-10-11
|l 0
|r 2005-01-01 00:00:00
|w 2026-02-24
|
| 952 |
|
|
|a SNK
|b SNK
|y VYP
|7 0
|p 17A0464611
|o snkSC 91467 D2
|i snk2005/16526
|8 3
|g 3.68
|0 0
|1 0
|4 0
|d 2005-10-06
|l 0
|r 2026-02-24 07:42:03
|w 2026-02-24
|